000 00803nam a2200241 u 4500
001 65544
005 20180714072929.0
008 160617s1992 xxua r 000 0 spa d
020 _a0590631381
041 0 _aspa
082 0 _a808.068
_bADL
100 1 _aAdler, David A.,
_eautor
245 1 3 _aUn libro ilustrado sobre Cristóbal Colón /
_cDavid A. Adler, traducido por Teresa Mlawer.
250 _a[Primera edición]
264 1 _aEstados Unidos de América :
_bScholastic,
_c1992
300 _a27 páginas :
_bilustraciones ;
_c21 cm.
336 _atexto
_2rdacontent
337 _asin mediación
_2rdamedia
338 _avolumen
_2rdacarrier
650 4 _aLiteratura infantil
_xBiografía
700 1 _aWallner, Alexandra,
_eilustrador
700 1 _aMlawer, Teresa,
_etraductor
999 _c65544
_d65544